Unstoppable : (Record no. 31053)

MARC details
000 -LEADER
fixed length control field 01517pam a2200361 i 4500
001 - CONTROL NUMBER
control field sky258607480
003 - CONTROL NUMBER IDENTIFIER
control field SKY
005 - DATE AND TIME OF LATEST TRANSACTION
control field 20250901062435.0
008 - FIXED-LENGTH DATA ELEMENTS--GENERAL INFORMATION
fixed length control field 180409r20132012cou 000 0deng d
010 ## - LIBRARY OF CONGRESS CONTROL NUMBER
LC control number bl2013045858
020 ## - INTERNATIONAL STANDARD BOOK NUMBER
International Standard Book Number 9780307730893
020 ## - INTERNATIONAL STANDARD BOOK NUMBER
International Standard Book Number 0307730891
037 ## - SOURCE OF ACQUISITION
Source of stock number/acquisition Random House Inc, Attn Order Entry 400 Hahn rd, Westminster, MD, USA, 21157
Note SAN 201-3975
040 ## - CATALOGING SOURCE
Original cataloging agency NjBwBT
Language of cataloging eng
Transcribing agency NjBwBT
Description conventions rda
Modifying agency NjBwBT
-- SKYRV
082 04 - DEWEY DECIMAL CLASSIFICATION NUMBER
Classification number 248.8/6
Edition number 23
092 ## - LOCALLY ASSIGNED DEWEY CALL NUMBER (OCLC)
Classification number 248.86
Item number Vuj
100 1# - MAIN ENTRY--PERSONAL NAME
Personal name Vujicic, Nick.
Relator term author.
Authority record control number (local)743643.
245 10 - TITLE STATEMENT
Title Unstoppable :
Remainder of title the incredible power of faith in action /
Statement of responsibility, etc. Nick Vujicic.
250 ## - EDITION STATEMENT
Edition statement First trade paperback edition.
264 #1 - PRODUCTION, PUBLICATION, DISTRIBUTION, MANUFACTURE, AND COPYRIGHT NOTICE
Place of production, publication, distribution, manufacture Colorado Springs, Colorado :
Name of producer, publisher, distributor, manufacturer Waterbrook Press,
Date of production, publication, distribution, manufacture, or copyright notice 2013.
300 ## - PHYSICAL DESCRIPTION
Extent 240 pages :
Other physical details color illustrations ;
Dimensions 21 cm.
336 ## - CONTENT TYPE
Content type term text
Source rdacontent.
337 ## - MEDIA TYPE
Media type term unmediated
Source rdamedia.
338 ## - CARRIER TYPE
Carrier type term volume
Source rdacarrier.
520 ## - SUMMARY, ETC.
Summary, etc. Reveals how the author learned to deal with adverse circumstances in such areas as relationships, careers, health, and bullying through the experiences he has endured having been born without arms or legs.
650 #0 - SUBJECT ADDED ENTRY--TOPICAL TERM
Topical term or geographic name as entry element Faith.
Authority record control number (local)346922.
650 #0 - SUBJECT ADDED ENTRY--TOPICAL TERM
Topical term or geographic name as entry element Encouragement
General subdivision Religious aspects
-- Christianity.
Authority record control number (local)588690.
650 #0 - SUBJECT ADDED ENTRY--TOPICAL TERM
Topical term or geographic name as entry element Inspiration
General subdivision Religious aspects
-- Christianity.
Authority record control number (local)759020.
650 #0 - SUBJECT ADDED ENTRY--TOPICAL TERM
Topical term or geographic name as entry element Success
General subdivision Religious aspects
-- Christianity.
Authority record control number (local)345836.
650 #0 - SUBJECT ADDED ENTRY--TOPICAL TERM
Topical term or geographic name as entry element Abnormalities, Human
Form subdivision Biography.
Authority record control number (local)1188654.
907 ## - LOCAL DATA ELEMENT G, LDG (RLIN)
a .b47935800x
942 ## - ADDED ENTRY ELEMENTS (KOHA)
Koha item type Libro/Book
Holdings
Withdrawn status Lost status Damaged status Not for loan Home library Current library Date acquired Total Checkouts Full call number Barcode Date last seen Price effective from Koha item type
        San Juan Del Sur -- Biblioteca San Juan Del Sur -- Biblioteca 01/09/2025   NF 30023243 01/09/2025 01/09/2025 Libro/Book

Powered by Koha